Stanovy družstevní záložny všeobecné dĕlnické záložny v Hodonínĕ, zaps. spol. s ruč. obm.

Bibliographic Details
Format: Book
Language:Czech
PhysicalDescription:16 strán 21 cm
Published: V Hodonínĕ nákladem vlastním 1931
Subjects:

MARC

LEADER 00000nam a2200000 4500
001 vtls011915015
003 SK-MaSNL
005 20260301225314.0
008 210624s1931 xr gr 000 0 cze
015 |a SNBA1931 
020 |q (brožované) 
035 |a 940B4108-A278-45FB-B738-2AC5B29265BA 
035 |a urn:nbn:sk:snk-am3if4x 
035 |a urn:nbn:sk:snk-am00e7xv 
040 |a SNK  |b slo  |c SNK  |e rda 
041 0 |a cze 
043 |a e-xr--- e-xr-jm 
044 |a xr  |c CZ  |a xo  |c SK 
072 7 |a 336.7  |x Financie  |2 konspekt 
080 |a 336.773  |2 2011 
080 |a (062.13)  |2 2011 
080 |a (041)  |2 2011 
080 |a (437.322)  |2 2011 
245 0 0 |a Stanovy družstevní záložny  |b všeobecné dĕlnické záložny v Hodonínĕ, zaps. spol. s ruč. obm. 
264 1 |a V Hodonínĕ  |b nákladem vlastním  |c 1931 
264 3 |a Holič  |b Knihtiskárna J. Pešana 
300 |a 16 strán  |c 21 cm 
336 |a text  |b txt  |2 rdacontent 
337 |a bez média  |b n  |2 rdamedia 
338 |a zväzok  |b nc  |2 rdacarrier 
500 |a Názov z obálky 
610 2 7 |a Všeobecná dělnícka záložna (Hodonín, Česko)  |2 SNKKA  |9 201106 
650 0 7 |a družstevné záložne  |2 SNKPH  |9 81505 
650 0 7 |a credit unions  |2 SNKPHeng  |9 427446 
651 7 |a Hodonín (Česko)  |2 SNKPHgeo  |9 73953 
651 7 |a Hodonín (Czechia)  |2 SNKPHeng  |9 413316 
655 7 |a stanovy  |2 SNKPH  |9 70547 
655 7 |a Statutes  |2 SNKPHeng  |9 343296 
655 7 |a brožúry  |2 SNKPH  |9 70146 
655 7 |a Brochures  |2 SNKPHeng  |9 283327 
752 |a Česko  |d Hodonín 
958 |a ONDV 
999 |c 950417  |d 952347 
952 |a SNK  |b SNK  |y PREZ  |7 0  |p 17A0845515  |o snkSC 13334  |i snkKSK 432/59  |8 3  |0 0  |1 0  |4 0  |d 2020-02-03  |f 1  |l 0  |r 2025-07-16 00:00:00  |w 2026-02-24 
952 |a SNK  |b SNK  |y VYP  |7 0  |p 17A0149637  |o snkSC 13334 D1  |i snkKSK 433/59  |8 3  |z chýba str. 7-10, 15-16  |0 0  |1 0  |4 0  |d 2020-06-16  |l 0  |r 2026-02-24 09:46:38  |w 2026-02-24